000 00480nam a2200181Ia 4500
001 12803
005 20260306163008.0
008 260306t2009||||xx |||||||||||||| ||spa||
041 _aESP
082 _aRD 332.1
_bM26
100 _aMartínez, José Mateo
_eAUT
245 0 _aDiccionario de términos de la banca:
_binglés-español, spanish-english
260 _c2009
300 _axiv, 630 páginas :
_c25 cm.
650 _aGEN
654 _aCAN
942 _cDIC
_dJUS
_fJUS
_2ddc
_n
999 _c12803
_d12803